Sphere packings /
Guardado en:
| Autor Principal: | |
|---|---|
| Otros Autores: | |
| Formato: | Libro |
| Idioma: | English |
| Publicado: |
New York :
Springer,
c1999.
|
| Series: | Universitext
|
| Materias: | |
| Etiquetas: |
Agregar Etiqueta
Sin Etiquetas, Sea el primero en etiquetar este registro!
|
| LEADER | 00728cam a22002294a 4500 | ||
|---|---|---|---|
| 001 | MAT.inmabb003965 | ||
| 008 | 990408s1999####nyua#####b####001#0#eng## | ||
| 005 | 20151118162107.0 | ||
| 245 | 1 | 0 | |a Sphere packings / |c Chuanming Zong ; edited by John Talbot. |
| 260 | |a New York : |b Springer, |c c1999. | ||
| 300 | |a xiii, 241 p. : |b il. ; |c 25 cm. | ||
| 490 | 0 | |a Universitext | |
| 504 | |a Incluye referencias bibliográficas (p. [219]-236) e índice. | ||
| 510 | 4 | |a MR, |c 2000g:52020 | |
| 020 | |a 0387987940 | ||
| 100 | 1 | |a Zong, Chuanming. | |
| 700 | 1 | |a Talbot, J. |q (John), |d 1974- | |
| 650 | 0 | |a Sphere packings. | |
| 084 | |a 52C22 (11H31) |2 msc2000 | ||
| 010 | |a 99015367 | ||
| 040 | |a DLC |c DLC |d DLC | ||
| 859 | |h 52 |i Z87s |p A-8361 |b BIB. MATEMATICA | ||
